000
00312nam a2200133Ia 4500
005
20251222155043.0
008
251222s9999||||xx |||||||||||||| ||spa||
082
_a
EBA.44
100
_a
INZA
245
0
_a
Auxiliar de equipos modelos de cama, armarios.
250
_a
no ed.
264
_b
No tiene
942
_c
LIB
999
_c
36982
_d
36982